Countries vs. Elements - Statistics

General Stats
  • This quiz has been taken 15 times
    11 since last reset
  • The average score is 44 of 59
Answer Stats
Answer % Correct
Argon | Argentina
100%
Beryllium | Belgium
100%
Bromine | Brazil
100%
Chlorine | Chile
100%
Cobalt | Colombia
100%
Copper | Cuba
100%
Krypton | South Korea
100%
Platinum | Portugal
100%
Calcium | Canada
86%
Chromium | Costa Rica
86%
Einsteinium | Spain
86%
Francium | France
86%
Gold | Australia
86%
Indium | India
86%
Iridium | Iran
86%
Lithium | Liechtenstein
86%
Neptunium | Nepal
86%
Protactinium | Panama
86%
Selenium | Sweden
86%
Silver | Antigua and Barbuda
86%
Sodium | Namibia
86%
Thallium | East Timor
86%
Aluminum | Albania
71%
Americium | Armenia
71%
Astatine | Austria
71%
Barium | Bosnia and Herzegovina
71%
Bismuth | Burundi
71%
Californium | Central African Republic
71%
Erbium | Eritrea
71%
Fermium | Federated States of Micronesia
71%
Gallium | Gabon
71%
Germanium | Georgia
71%
Lanthanum | Laos
71%
Lutetium | Luxembourg
71%
Magnesium | Madagascar
71%
Manganese | Mongolia
71%
Meitnerium | Malta
71%
Neon | Niger
71%
Nobelium | Norway
71%
Ruthenium | Russia
71%
Samarium | San Marino
71%
Scandium | Seychelles
71%
Silicon | Slovenia
71%
Strontium | Suriname
71%
Thorium | Thailand
71%
Thulium | Turkmenistan
71%
Tin | Senegal
71%
Cadmium | Democratic Republic of the Congo
57%
Copernicium | China
57%
Curium | Cameroon
57%
Livermorium | Latvia
57%
Mendelevium | Moldova
57%
Moscovium | Monaco
57%
Nickel | Nicaragua
57%
Seaborgium | Singapore
57%
Antimony | Solomon Islands
43%
Bohrium | Bahrain
43%
Gadolinium | Grenada
43%
Lawrencium | Liberia
43%
No matching quizzes found
Score Distribution
Percent of People with Each Score
Percentile by Number Answered
Your Score History
You have not taken this quiz since the last reset